000
00344 a2200157 4500
001
183202
020
_a
040
_c
Magnum
100
_a
Zanete, Vanda - Alunos 1 Ano Ensino Medio - 1998
240
1
0
_a
Projeto cidadão
_l
por
245
1
0
_a
Projeto cidadão
300
_a
362
0
_a
1998
697
_a
LITERATURA GERAL
942
_c
BK
999
_c
183202
_d
183202